000 00705nam a2200205 a 4500
001 68491
003 BD-RjUL
005 20211209081759.0
008 170403r19741971ii a 001 0 eng
035 _a(BD-RjUL)68701
040 _aDLC
_cCarP
_dBD-RjUL
_beng
041 _aeng
082 _223
_a530
_bTHT 1974
100 1 _aTheraja, B. L.
_9117284
245 0 2 _aA text book of engineering physics :
_bheat, light, sound and thermodynamics for the examinations of B. Sc.(Engg.), A. M. I. E. (I), A. M. Ae. S. I., diploma & N. C. C. /
_cB L Theraja
260 _aNew Delhi :
_bS Chand & Co.,
_c1971, [reprinted 1974]
300 _a776 p. :
_bill. ;
_c22 cm.
650 0 _aPhysics.
_9203018
942 _2ddc
_cBK
999 _c68491
_d68491